LEADER 00416nab a2200145 i 4500 001 000000261823 003 CaOOAMICUS 005 20050610000000.0 008 050610n xx uu u0 0und r 013 $a2919 040 $aSeMil$bita 245 10$a[SENZA TITOLO]. 500 $aJanuary 2004. 773 0 $t[2004.$dOxford : Oxford University Press, copyr. 2004.$w()140187 996 $6245$a[SENZA TITOLO]$9(OLS)http://semarc/title/354609 LEADER 00469naa a2200145 i 4500 001 000000301929 003 CaOOAMICUS 005 20180831172731.0 008 180831n xx u000 u und u 013 $a9662 040 $aSeMil$bita 100 1 $aConti, Pier Giorgio.$0(OLS)http://semarc/name/86691 245 13$aĞL'infinitoğ o del paradosso. 773 0 $tLeopardi nella critica internazionale.$w()35784 996 $6245$aĞL'infinitoğ o del paradosso$9(OLS)http://semarc/title/377914